000 00793nam a2200253Ia 4500
003 OSt
005 20220927105328.0
006 a|||||r|||| 00| 0
007 ta
008 220926b |||||||| |||| 00| 0 eng d
024 _a190407
037 _cReference Collections
040 _aRTL
_cRTL
_beng
041 _2eng
_aeng
082 _a"X:77-8DR, N1"
100 _aSHANKAR Kripa
_9371731
245 0 _aProduct diversification growth and profitability in the corporate private sector in India
260 _aBombay
_bUniversity of Bombay
_c1991
300 _a"xi, 167p"
_ccm.
490 _a"University of Bombay Publication Economics, 29"
500 _aBibliography: P 159-64
942 _h"X:77-8DR, N1"
_cCC
999 _c691878
_d691878